LIBRARY & INFORMATION CENTRE, KCAET, TAVANUR

ONLINE PUBLIC ACCESS CATALOGUE (OPAC)

Computer oriented statistical and numerical methods / (Record no. 9754)

MARC details
000 -LEADER
fixed length control field 00522cam a2200193ua 4500
020 ## - INTERNATIONAL STANDARD BOOK NUMBER
ISBN 0333-90960-7
041 ## - LANGUAGE CODE
Language code of text/sound track or separate title eng
082 ## - DEWEY DECIMAL CLASSIFICATION NUMBER
Classification number 004.0142211
Item number BAL/CO
100 ## - MAIN ENTRY--AUTHOR NAME
Personal name Balaguruswamy, E .
245 ## - TITLE STATEMENT
Title Computer oriented statistical and numerical methods /
260 ## - PUBLICATION, DISTRIBUTION, ETC. (IMPRINT)
Place of publication Madras :
Name of publisher Macmillan India limited ,
Year of publication 2001.
300 ## - PHYSICAL DESCRIPTION
Number of Pages 250 ; .
500 ## - GENERAL NOTE
General note *Scheme
942 ## - ADDED ENTRY ELEMENTS (KOHA)
Koha item type Books
Holdings
Withdrawn status Lost status Damaged status Home library Current library Date acquired Full call number Accession Number Koha item type
      KAUAET KAUAET 07/04/2012 004.0142211 18047 Books
free website counter